000 00850nam a22002537a 4500
999 _c4353
_d4353
003 AR-CdUCM
008 190308b ||||| |||| 00| 0 spa d
040 _aMUNICIPALIDAD PROVINCIAL DEL CUSCO
_cBIBLIOTECA MUNICIPAL DEL CUSCO
041 _hita
082 _a735 /
_bC42
100 _aCecchi, Emilio
_913749
245 _aLa escultura Florentina cuatrocentista /
260 _aMéxico :
_bUTEHA,
_c1961.
300 _a67, 47 páginas ;
_bláminas,
_c17 cm.
440 _aManuales Uteha.
_n103-103a
_913750
440 _aArte Sección.
_n11
_913751
505 _aContenido: La escultura florentina del siglo XV -- Repertorio crítico -- Acotaciones a las láminas.
650 _aItalia
_92273
650 _aSiglo XV
_912780
650 _aEscultura
_913152
700 _aGerhard, Carlos (traducción)
_96079
942 _2ddc
_cLIBROS
945 _aachl